BautyArg's biographical quiz - Statistics

General Stats
  • This quiz has been taken 18 times
  • The average score is 8 of 15
Answers on the Map
Answers color-coded by a green-red scale on the quiz's map according to % correct below.
 
Answer Stats
Answer Hint % Correct
1 Blue
91%
1 Brown
91%
Colors of my PFP Gray
91%
1 Red
91%
1 White
91%
1 Yellow
91%
Has he ever made quzizes? no, never
73%
How is he named? Arg
64%
Who is his boyfriend? Danny999
55%
Who is the JetPunker that he most hates? Cathlete
27%
Which is his country? United Kingdom
27%
What is his favorite Discord server? JetPunk Server
18%
What is his religion? Nihilist Atheist
9%
What is his most hated kind of food? Fruits
0%
Which is his favorite music genre? K-Pop
0%
No matching quizzes found
Score Distribution
Percent of People with Each Score
Percentile by Number Answered
Your Score History
You have not taken this quiz